000 00952nam a2200277 i 4500
001 10382
003 ES-MaACL
005 20250728105728.0
007 t|
008 950529s1990 sp ||||1| spa d
020 _a84-7882-012-4
080 _a292.2
100 1 _aObsecuente, Julio.
_986432
245 1 0 _aLibro de los prodigios
_b: (restituído a su integridad, en beneficio de la historia, por Conrado Licóstenes) /
_cJulio Obsecuente ; introducción, traducción y notas de Ana Moure Casas.
250 _a[1a ed.].
260 _aMadrid :
_bEdiciones Clásicas,
_c1990.
300 _a184 p. ;
_c17 cm.
490 1 _aColección de autores latinos
650 1 7 _aReligión romana
_2embne
_916805
650 1 4 _aProdigios.
_916443
700 1 _aMoure Casas, Ana.
_983891
700 1 _aLicóstenes, Conrado.
_972204
830 0 _aColección de autores latinos
_9228123
852 _aES-MaACL
_jL-17942
_bR.123921
999 _c10382
_d10382